[Event "Cesme op-A 11th"]
[Site "Izmir"]
[Date "2025.06.27"]
[Round "7"]
[White "Kantor, Gergely"]
[Black "Grover, Sahaj"]
[Result "1/2-1/2"]
[WhiteElo "2584"]
[BlackElo "2465"]
[PlyCount "109"]
[EventDate "2025.06.23"]
[EventType "swiss"]
[EventRounds "9"]
[EventCountry "TUR"]
[SourceTitle "CB27_2025"]
[SourceDate "2025.07.02"]
[SourceVersion "1"]
[SourceVersionDate "2025.07.02"]
[SourceQuality "1"]

1. e4 e5 2. Nf3 Nc6 3. Bb5 a6 4. Ba4 Nf6 5. 0-0 d6 6. Re1 Bd7 7. c3 g6 8. d4 Bg7 9. h3 0-0 10. Bc2 Re8 11. Nbd2 a5 12. Nf1 a4 13. Ng3 b5 14. Be3 Qe7 15. Rc1 Na5 16. b3 c5 17. d5 Kh8 18. Nh2 Ng8 19. Rf1 axb3 20. axb3 Bh6 21. Qd2 Bxe3 22. Qxe3 Nb7 23. f4 exf4 24. Qxf4 f6 25. Bd1 h5 26. Nf3 g5 27. Qd2 h4 28. Nh5 Rf8 29. Nh2 Be8 30. Bf3 Nd8 31. Ra1 Ra7 32. Qe2 Nf7 33. g3 Rxa1 34. Rxa1 hxg3 35. Ng4 Ne5 36. Nxg3 Bd7 37. Ne3 Nh6 38. Ra7 Rf7 39. Bh5 Rh7 40. Ra8+ Kg7 41. Be8 Qxe8 42. Rxe8 Bxe8 43. Ngf5+ Nxf5 44. Nxf5+ Kg6 45. h4 Bd7 46. h5+ Rxh5 47. Ne7+ Kh6 48. Ng8+ Kg6 49. Nxf6 Rh4 50. Nxd7 Nxd7 51. Qxb5 Nf6 52. Qd3 Rg4+ 53. Kf1 Rf4+ 54. Kg2 Nxe4 55. b4 1/2-1/2

[Event "Cesme op-A 11th"]
[Site "Izmir"]
[Date "2025.06.23"]
[Round "1"]
[White "Kantor, Gergely"]
[Black "Huseyinoglu, Alihan"]
[Result "1/2-1/2"]
[WhiteElo "2584"]
[BlackElo "2316"]
[PlyCount "57"]
[EventDate "2025.06.23"]
[EventType "swiss"]
[EventRounds "9"]
[EventCountry "TUR"]
[SourceTitle "CB27_2025"]
[SourceDate "2025.07.02"]
[SourceVersion "1"]
[SourceVersionDate "2025.07.02"]
[SourceQuality "1"]

1. e4 c5 2. Nf3 Nc6 3. Bb5 g6 4. 0-0 Bg7 5. Re1 Nf6 6. c3 0-0 7. d4 d5 8. e5 Ne4 9. Be3 Qb6 10. Qe2 cxd4 11. cxd4 f6 12. exf6 exf6 13. Nc3 Nxc3 14. bxc3 Na5 15. Bf4 Bf5 16. Nh4 Bg4 17. Qxg4 Qxb5 18. Re7 f5 19. Qh3 Rae8 20. Rc7 Rf7 21. Rxf7 Kxf7 22. Nf3 Kg8 23. Ng5 h6 24. Nf3 Kh7 25. Ng5+ Kg8 26. Nf3 Kh7 27. Ne5 Qe2 28. g4 fxg4 29. Qg2 1/2-1/2

[Event "WchT Blitz Pool D"]
[Site "London"]
[Date "2025.06.14"]
[Round "7.1"]
[White "Erigaisi, Arjun Kumar"]
[Black "Kantor, Gergely"]
[Result "1-0"]
[WhiteElo "2782"]
[BlackElo "2584"]
[PlyCount "55"]
[EventDate "2025.06.14"]
[EventType "team-tourn"]
[EventRounds "13"]
[EventCountry "ENG"]
[SourceTitle "CB25_2025"]
[SourceDate "2025.06.18"]
[SourceVersion "1"]
[SourceVersionDate "2025.06.18"]
[SourceQuality "1"]
[WhiteTeam "Team MGD1"]
[BlackTeam "Team Hungary"]
[WhiteTeamCountry "IND"]
[BlackTeamCountry "HUN"]

1. Nf3 d5 2. c4 d4 3. e3 c5 4. b4 Nf6 5. Bb2 dxe3 6. fxe3 cxb4 7. d4 g6 8. Bd3 Bg7 9. Nbd2 0-0 10. 0-0 Nc6 11. Qe1 a5 12. d5 e6 13. dxc6 Qxd3 14. Qh4 e5 15. Bxe5 Ng4 16. Bxg7 Kxg7 17. cxb7 Bxb7 18. Qxg4 Rad8 19. Qf4 f6 20. Rf2 Rfe8 21. Nd4 Qxe3 22. Qxf6+ Kg8 23. Qf7+ Kh8 24. Qxb7 Qxd4 25. Raf1 Re2 26. Nf3 Qe3 27. Ng5 Qe7 28. Nf7+ 1-0

[Event "WchT Blitz Pool D"]
[Site "London"]
[Date "2025.06.14"]
[Round "1.1"]
[White "Kantor, Gergely"]
[Black "Fernandez, Daniel Howard"]
[Result "0-1"]
[WhiteElo "2584"]
[BlackElo "2484"]
[PlyCount "114"]
[EventDate "2025.06.14"]
[EventType "team-tourn"]
[EventRounds "13"]
[EventCountry "ENG"]
[SourceTitle "CB25_2025"]
[SourceDate "2025.06.18"]
[SourceVersion "1"]
[SourceVersionDate "2025.06.18"]
[SourceQuality "1"]
[WhiteTeam "Team Hungary"]
[BlackTeam "English Knightmares"]
[WhiteTeamCountry "HUN"]
[BlackTeamCountry "ENG"]

1. d4 Nf6 2. c4 e6 3. Nc3 Bb4 4. e3 b6 5. Nge2 Bb7 6. a3 Be7 7. d5 0-0 8. e4 e5 9. Ng3 a5 10. Nf5 Bc5 11. Bg5 d6 12. Qf3 Bc8 13. g4 Bd4 14. h4 Bxf5 15. gxf5 Nbd7 16. Rg1 Kh8 17. 0-0-0 Nc5 18. Nb5 Ncxe4 19. Nxd4 exd4 20. Rxd4 Nc5 21. Bd3 Nb3+ 22. Kb1 Nxd4 23. Qf4 c5 24. h5 Nxh5 25. Qh4 Nf6 26. Rh1 Nf3 27. Bxf6 Nxh4 28. Bxd8 Raxd8 29. Rxh4 f6 30. Kc2 Rfe8 31. Kd2 Re5 32. f4 Re7 33. Rh2 Rde8 34. Rg2 Re3 35. Rf2 Rh3 36. Bc2 Kg8 37. Ba4 Re7 38. Rg2 Kf8 39. Bc6 Re4 40. Rf2 Rh4 41. b3 Rhxf4 42. Rh2 h6 43. Rg2 Rxf5 44. Bd7 Rfe5 45. Be6 a4 46. bxa4 Rxc4 47. Kd3 Rd4+ 48. Kc3 Rxa4 49. Rb2 Rxa3+ 50. Kd2 Rxe6 51. dxe6 Ke7 52. Rxb6 Kxe6 53. Rb7 g5 54. Rh7 Rh3 55. Ke2 d5 56. Kf2 c4 57. Kg2 Rh4 0-1

[Event "WchT Blitz Pool D"]
[Site "London"]
[Date "2025.06.14"]
[Round "8.1"]
[White "Kantor, Gergely"]
[Black "Skytte, Rasmus"]
[Result "1-0"]
[WhiteElo "2584"]
[BlackElo "2367"]
[PlyCount "63"]
[EventDate "2025.06.14"]
[EventType "team-tourn"]
[EventRounds "13"]
[EventCountry "ENG"]
[SourceTitle "CB25_2025"]
[SourceDate "2025.06.18"]
[SourceVersion "1"]
[SourceVersionDate "2025.06.18"]
[SourceQuality "1"]
[WhiteTeam "Team Hungary"]
[BlackTeam "Danish Futures"]
[WhiteTeamCountry "HUN"]
[BlackTeamCountry "DEN"]

1. Nf3 g6 2. e4 Bg7 3. d4 Nf6 4. e5 Ne4 5. Bd3 d5 6. Qe2 c5 7. c3 Bf5 8. Nh4 cxd4 9. Nxf5 gxf5 10. cxd4 Nc6 11. Bb5 e6 12. 0-0 Qb6 13. Rd1 0-0 14. Bxc6 bxc6 15. f3 Bxe5 16. Be3 Bg7 17. fxe4 fxe4 18. Nc3 f5 19. Na4 Qc7 20. Nc5 Rae8 21. g3 e5 22. dxe5 Bxe5 23. Kh1 Qe7 24. Rac1 Qg7 25. Nb3 Bxb2 26. Rxc6 Be5 27. Rxd5 f4 28. gxf4 Bxf4 29. Rc1 Re6 30. Bxf4 Rxf4 31. Rg1 Rg6 32. Rd8+ 1-0

[Event "WchT Rapid"]
[Site "London"]
[Date "2025.06.13"]
[Round "11.2"]
[White "Kantor, Gergely"]
[Black "Moussard, Jules"]
[Result "0-1"]
[WhiteElo "2545"]
[BlackElo "2609"]
[PlyCount "99"]
[EventDate "2025.06.11"]
[EventType "team-swiss"]
[EventRounds "12"]
[EventCountry "ENG"]
[SourceTitle "CB25_2025"]
[SourceDate "2025.06.18"]
[SourceVersion "1"]
[SourceVersionDate "2025.06.18"]
[SourceQuality "1"]
[WhiteTeam "Team Hungary"]
[BlackTeam "Knight Dance"]
[WhiteTeamCountry "HUN"]
[BlackTeamCountry "FRA"]

1. e4 c5 2. Nf3 g6 3. Bc4 Nf6 4. Nc3 Nc6 5. d4 cxd4 6. Nxd4 Qa5 7. Nb3 Qc7 8. Bg5 Bg7 9. Qd2 0-0 10. Bxf6 Bxf6 11. Nd5 Qe5 12. Nxf6+ Qxf6 13. 0-0-0 d6 14. f4 a5 15. a4 Be6 16. Bxe6 Qxe6 17. Qd5 Qf6 18. Rhf1 Nb4 19. Qd4 Rfc8 20. Qxf6 Rxc2+ 21. Kb1 exf6 22. Rd2 Rc4 23. Re1 Ra6 24. g3 Kg7 25. Rd4 Rxd4 26. Nxd4 d5 27. e5 fxe5 28. Rxe5 Rb6 29. Re3 h5 30. b3 Kf8 31. Kb2 Rd6 32. Re2 Rd7 33. Kc3 Rc7+ 34. Kd2 Re7 35. Kc3 Rxe2 36. Nxe2 Ke7 37. f5 g5 38. Kd4 Kd6 39. h4 Nc6+ 40. Ke3 Ke5 41. hxg5 Kxf5 42. Nf4 d4+ 43. Kd3 Kxg5 44. Ke4 Kg4 45. Ne2 f5+ 46. Kd3 Kf3 47. Nf4 h4 48. gxh4 Kxf4 49. h5 Kg5 50. h6 0-1

[Event "WchT Rapid"]
[Site "London"]
[Date "2025.06.12"]
[Round "6.2"]
[White "Kantor, Gergely"]
[Black "Jones, Gawain C B"]
[Result "0-1"]
[WhiteElo "2545"]
[BlackElo "2635"]
[PlyCount "86"]
[EventDate "2025.06.11"]
[EventType "team-swiss"]
[EventRounds "12"]
[EventCountry "ENG"]
[SourceTitle "CB25_2025"]
[SourceDate "2025.06.18"]
[SourceVersion "1"]
[SourceVersionDate "2025.06.18"]
[SourceQuality "1"]
[WhiteTeam "Team Hungary"]
[BlackTeam "Malcolm's Mates"]
[WhiteTeamCountry "HUN"]
[BlackTeamCountry "ENG"]

1. e4 e5 2. Nf3 Nc6 3. Bc4 Nf6 4. d3 h6 5. 0-0 Bc5 6. c3 d6 7. b4 Bb6 8. a4 a5 9. b5 Ne7 10. Nbd2 0-0 11. d4 Ng6 12. Qc2 Re8 13. Ba3 exd4 14. cxd4 d5 15. exd5 Nxd5 16. Rfe1 Be6 17. Re4 Qf6 18. Rae1 Red8 19. Qb3 Kh8 20. g3 Qf5 21. Ne5 Qf6 22. Ndf3 Ba7 23. h4 Nxe5 24. Rxe5 c6 25. Bb2 Bb8 26. R5e4 Bd6 27. Ne5 Bb4 28. R1e2 cxb5 29. axb5 a4 30. Qa2 a3 31. Ba1 Bc3 32. Ng4 Bxg4 33. Rxg4 Nb4 34. Qb1 Bxa1 35. Qxa1 Rdc8 36. Bb3 Qf3 37. Bd1 Qxg4 38. Re8+ Rxe8 39. Bxg4 a2 40. Bf5 Re1+ 41. Qxe1 a1Q 42. Bb1 Nc2 43. Qd1 Na3 0-1

[Event "WchT Rapid"]
[Site "London"]
[Date "2025.06.11"]
[Round "2.2"]
[White "Kantor, Gergely"]
[Black "Ragnarsson, Dagur"]
[Result "1/2-1/2"]
[WhiteElo "2545"]
[BlackElo "2350"]
[PlyCount "149"]
[EventDate "2025.06.11"]
[EventType "team-swiss"]
[EventRounds "12"]
[EventCountry "ENG"]
[SourceTitle "CB25_2025"]
[SourceDate "2025.06.18"]
[SourceVersion "1"]
[SourceVersionDate "2025.06.18"]
[SourceQuality "1"]
[WhiteTeam "Team Hungary"]
[BlackTeam "ChessbrahTV"]
[WhiteTeamCountry "HUN"]
[BlackTeamCountry "CAN"]

1. e4 c5 2. Nf3 Nc6 3. Bb5 g6 4. 0-0 Bg7 5. c3 e5 6. d4 cxd4 7. cxd4 exd4 8. Bf4 a6 9. Qa4 Ra7 10. Bd3 b5 11. Qa3 Nge7 12. Bd6 0-0 13. Nbd2 Bb7 14. Nb3 Re8 15. Rac1 Nc8 16. Bc5 Ra8 17. Nfxd4 Nxd4 18. Bxd4 Bf8 19. Nc5 Bc6 20. Qc3 Nd6 21. e5 Qg5 22. g3 Nf5 23. f4 Qg4 24. Ne4 Bg7 25. Bc5 Rac8 26. Qd2 Qh3 27. Ng5 Qh6 28. Bc2 d6 29. exd6 Nxg3 30. d7 Bxd7 31. hxg3 Bc6 32. Qh2 Re2 33. Rf2 Rxf2 34. Bxf2 Qxh2+ 35. Kxh2 Bb7 36. Nxf7 Kxf7 37. Bb3+ Ke8 38. Re1+ Kf8 39. Re2 Bf6 40. g4 Be7 41. Bd4 Bd6 42. Rf2 Bc5 43. Rd2 Bxd4 44. Rxd4 Ke7 45. Kg3 h6 46. Rd2 Rc6 47. Rh2 h5 48. gxh5 gxh5 49. Rxh5 Bc8 50. Rh7+ Kf8 51. Kh4 a5 52. Kg5 Rc5+ 53. Kf6 Rf5+ 54. Kg6 Rc5 55. Rf7+ Ke8 56. a4 Kd8 57. f5 Bd7 58. axb5 Be8 59. b6 Rb5 60. Ba4 Bxf7+ 61. Kxf7 Rxb2 62. f6 Rb4 63. Bc2 Rxb6 64. Kg7 Rb8 65. Ba4 Rb4 66. f7 Rg4+ 67. Kf6 Rf4+ 68. Ke6 Rxf7 69. Kxf7 Kc7 70. Ke6 Kb6 71. Kd5 Kc7 72. Kc5 Kd8 73. Kb6 Ke7 74. Ka6 Kf8 75. Kxa5 1/2-1/2

[Event "Norway Chess op-A"]
[Site "Stavanger"]
[Date "2025.05.27"]
[Round "8"]
[White "Tulchynskyi, Feliks"]
[Black "Kantor, Gergely"]
[Result "0-1"]
[WhiteElo "2380"]
[BlackElo "2581"]
[PlyCount "108"]
[EventDate "2025.05.27"]
[EventType "swiss"]
[EventRounds "9"]
[EventCountry "NOR"]
[SourceTitle "CB23_2025"]
[SourceDate "2025.06.04"]
[SourceVersion "1"]
[SourceVersionDate "2025.06.04"]
[SourceQuality "1"]

1. e4 e5 2. Nf3 Nc6 3. Bb5 a6 4. Ba4 Nf6 5. 0-0 Bc5 6. c3 b5 7. Bb3 d6 8. d4 Bb6 9. Be3 0-0 10. h3 Re8 11. Nbd2 h6 12. Re1 exd4 13. cxd4 Nb4 14. Qe2 c5 15. a3 c4 16. axb4 cxb3 17. Qd3 Nxe4 18. Nxe4 Bf5 19. Nfd2 d5 20. f3 Bg6 21. Bf2 dxe4 22. fxe4 Qd6 23. Ra3 Bc7 24. g3 Qxb4 25. Rxb3 Qe7 26. Ra1 Qd7 27. Rc3 Bd6 28. Kh2 Bb4 29. Rcc1 a5 30. Re1 Rac8 31. Rac1 Rxc1 32. Rxc1 f5 33. e5 Rxe5 34. Nf3 Re4 35. Qc2 f4 36. Qc8+ Qxc8 37. Rxc8+ Kh7 38. gxf4 Rxf4 39. Kg3 Rf8 40. Rxf8 Bxf8 41. Kf4 a4 42. Ne5 b4 43. Be1 Be7 44. Nc4 Bf7 45. Ne5 Be6 46. Ke4 b3 47. Bc3 Bxh3 48. d5 Bf1 49. Nc6 a3 50. Na5 Bg2+ 51. Kd4 Bf6+ 52. Kc4 Bxd5+ 53. Kxd5 Bxc3 54. bxc3 b2 0-1

[Event "Norway Chess op-A"]
[Site "Stavanger"]
[Date "2025.05.27"]
[Round "3"]
[White "Vestby Ellingsen, Mads"]
[Black "Kantor, Gergely"]
[Result "1-0"]
[WhiteElo "2382"]
[BlackElo "2581"]
[PlyCount "129"]
[EventDate "2025.05.27"]
[EventType "swiss"]
[EventRounds "9"]
[EventCountry "NOR"]
[SourceTitle "CB23_2025"]
[SourceDate "2025.06.04"]
[SourceVersion "1"]
[SourceVersionDate "2025.06.04"]
[SourceQuality "1"]

1. e4 e6 2. d4 d5 3. Nd2 a6 4. Ngf3 c5 5. exd5 exd5 6. Be2 Nf6 7. 0-0 Nc6 8. Re1 Be6 9. dxc5 Bxc5 10. Nb3 Bb6 11. Nbd4 0-0 12. h3 Ne4 13. Be3 Qf6 14. Bf1 Bc7 15. c3 Qg6 16. Nh4 Qf6 17. Nhf3 h6 18. Rc1 Bd7 19. Qc2 Qg6 20. Kh1 b5 21. Rcd1 Rad8 22. Qc1 Rfe8 23. Nxc6 Bxc6 24. Kg1 Qd6 25. g3 g5 26. Bg2 f5 27. Bd4 f4 28. g4 h5 29. gxh5 Re7 30. Nh2 f3 31. Ng4 fxg2 32. Rxe4 dxe4 33. Qxg5+ Kf8 34. h6 Rdd7 35. Bg7+ Rxg7 36. hxg7+ Rxg7 37. Rxd6 Rxg5 38. Rxc6 Bd8 39. Rxa6 Rd5 40. a4 Rd2 41. axb5 Rxb2 42. Ra4 Re2 43. Kxg2 Bb6 44. Kf1 Rc2 45. Rxe4 Rxc3 46. Kg2 Rb3 47. Re5 Kf7 48. Rf5+ Ke7 49. h4 Rb4 50. Rg5 Bd8 51. f3 Kf7 52. Rh5 Kg6 53. Rh8 Bc7 54. h5+ Kg5 55. h6 Rb2+ 56. Kf1 Rb1+ 57. Ke2 Rb2+ 58. Kd3 Rb3+ 59. Kc4 Rxf3 60. Rg8+ Kf5 61. Rf8+ Kxg4 62. Rxf3 Kxf3 63. h7 Be5 64. b6 Ke4 65. b7 1-0

[Event "Chess.com Classic Play In"]
[Site "Chess.com INT"]
[Date "2025.05.19"]
[Round "8"]
[White "Makarian, Rudik"]
[Black "Kantor, Gergely"]
[Result "1-0"]
[WhiteElo "2532"]
[BlackElo "2581"]
[PlyCount "73"]
[EventDate "2025.05.19"]
[EventType "swiss (blitz)"]
[EventRounds "9"]
[EventCountry "USA"]
[SourceTitle "CB21_2025"]
[SourceDate "2025.05.21"]
[SourceVersion "1"]
[SourceVersionDate "2025.05.21"]
[SourceQuality "1"]

1. d4 Nf6 2. c4 e6 3. Nf3 d5 4. g3 Bb4+ 5. Bd2 Be7 6. Bg2 0-0 7. Qc2 c6 8. 0-0 Nbd7 9. Bf4 a5 10. h4 b6 11. Nbd2 h6 12. e4 Ba6 13. e5 Nh5 14. Be3 f5 15. exf6 Ndxf6 16. Ne5 Bd6 17. Bh3 Bxe5 18. dxe5 d4 19. Bxh6 gxh6 20. exf6 Qxf6 21. Rae1 Rae8 22. Ne4 Qg6 23. Kh2 c5 24. Qe2 e5 25. b3 Bb7 26. Bg2 Bc8 27. Qd2 Kh8 28. a3 Rg8 29. b4 Nf4 30. Bh1 Qe6 31. Kg1 axb4 32. axb4 Qh3 33. Nd6 Re7 34. Rxe5 Rxe5 35. Qxf4 Re6 36. Nxc8 Rxc8 37. Bg2 1-0

[Event "Fagernes op"]
[Site "Fagernes"]
[Date "2025.04.18"]
[Round "7"]
[White "Mitusov, Semen"]
[Black "Kantor, Gergely"]
[Result "1/2-1/2"]
[WhiteElo "2459"]
[BlackElo "2578"]
[PlyCount "105"]
[EventDate "2025.04.13"]
[EventType "swiss"]
[EventRounds "9"]
[EventCountry "NOR"]
[SourceTitle "CB17_2025"]
[SourceDate "2025.04.23"]
[SourceVersion "1"]
[SourceVersionDate "2025.04.23"]
[SourceQuality "1"]

1. e4 e5 2. Nf3 Nc6 3. Nc3 Nf6 4. Bb5 Bd6 5. d4 exd4 6. Nxd4 0-0 7. Bg5 Re8 8. Nde2 Be5 9. Bxf6 Bxf6 10. 0-0 d6 11. Qd2 a6 12. Bc4 Ne5 13. Bd5 Rb8 14. a3 b5 15. Rad1 Nc4 16. Qc1 Bg4 17. f3 Bg5 18. Bxf7+ Kxf7 19. fxg4+ Kg8 20. Nf4 Rf8 21. Nce2 c6 22. Nd4 Qe8 23. b3 Qxe4 24. Rfe1 Qxf4 25. Qxf4 Bxf4 26. bxc4 Rbe8 27. Rxe8 Rxe8 28. cxb5 cxb5 29. g3 Be3+ 30. Kf1 g6 31. Nb3 Re6 32. Rd5 Kf7 33. Rd3 Bb6 34. Rc3 d5 35. Rc8 Re8 36. Rc6 Re6 37. Rc8 a5 38. Nc5 Rf6+ 39. Ke2 Ke7 40. g5 Rd6 41. Kd3 a4 42. c3 Kf7 43. Kd4 Rd7 44. Rb8 Rd6 45. Rb7+ Ke8 46. Rb8+ Ke7 47. Rc8 Rd7 48. Rc6 Rd6 49. Rc8 Rd7 50. Ke5 Bc7+ 51. Kd4 Bb6 52. Rc6 Rd6 53. Rc8 1/2-1/2

[Event "Fagernes op"]
[Site "Fagernes"]
[Date "2025.04.14"]
[Round "2"]
[White "Csonka, Balazs"]
[Black "Kantor, Gergely"]
[Result "1/2-1/2"]
[WhiteElo "2459"]
[BlackElo "2578"]
[PlyCount "48"]
[EventDate "2025.04.13"]
[EventType "swiss"]
[EventRounds "9"]
[EventCountry "NOR"]
[SourceTitle "CB17_2025"]
[SourceDate "2025.04.23"]
[SourceVersion "1"]
[SourceVersionDate "2025.04.23"]
[SourceQuality "1"]

1. e4 e5 2. Nf3 Nc6 3. Bb5 a6 4. Ba4 Nf6 5. 0-0 b5 6. Bb3 Bc5 7. c3 d6 8. d4 Bb6 9. dxe5 Nxe5 10. Nxe5 dxe5 11. Qxd8+ Kxd8 12. Bxf7 Rf8 13. Bd5 Nxd5 14. exd5 Bb7 15. Be3 Bxe3 16. fxe3 Rxf1+ 17. Kxf1 Bxd5 18. Nd2 Ke7 19. e4 Be6 20. Ke2 a5 21. a4 c6 22. axb5 cxb5 23. Ke3 a4 24. Nf3 Kf6 1/2-1/2

[Event "HUN-chT 2425"]
[Site "Hungary"]
[Date "2024.12.15"]
[Round "4.5"]
[White "Kantor, Gergely"]
[Black "Prohaszka, Peter"]
[Result "1/2-1/2"]
[WhiteElo "2554"]
[BlackElo "2545"]
[PlyCount "78"]
[EventDate "2024.11.02"]
[EventType "team-tourn"]
[EventRounds "9"]
[EventCountry "HUN"]
[SourceTitle "CB16_2025"]
[SourceDate "2025.04.16"]
[SourceVersion "1"]
[SourceVersionDate "2025.04.16"]
[SourceQuality "1"]
[WhiteTeam "Tungsram ANSK"]
[BlackTeam "Ajka Sentimento"]
[WhiteTeamCountry "HUN"]
[BlackTeamCountry "HUN"]

1. e4 e5 2. Nf3 Nc6 3. Bc4 Nf6 4. d3 Be7 5. 0-0 0-0 6. Nc3 d6 7. a4 Rb8 8. Re1 Be6 9. Bxe6 fxe6 10. Ne2 d5 11. Ng3 Nd7 12. c3 a5 13. d4 exd4 14. Nxd4 Nxd4 15. cxd4 Bb4 16. Re2 Qf6 17. Be3 c6 18. Qd3 Qg6 19. Bd2 h5 20. Bxb4 axb4 21. Rd1 Rbe8 22. exd5 Qxd3 23. Rxd3 exd5 24. Rb3 h4 25. Rxe8 Rxe8 26. Nf1 Re1 27. Rxb4 Nf8 28. f3 Re2 29. Rxb7 Ne6 30. a5 Nf4 31. a6 Rxg2+ 32. Kh1 Rf2 33. Ne3 Re2 34. Kg1 Re1+ 35. Kf2 Nd3+ 36. Kg2 Nf4+ 37. Kf2 Nd3+ 38. Kg2 Nf4+ 39. Kf2 Nd3+ 1/2-1/2

[Event "Saint Louis Masters op"]
[Site "Saint Louis"]
[Date "2024.12.05"]
[Round "6"]
[White "Kantor, Gergely"]
[Black "Hakobyan, Aram"]
[Result "0-1"]
[WhiteElo "2550"]
[BlackElo "2625"]
[PlyCount "152"]
[EventDate "2024.12.03"]
[EventType "swiss"]
[EventRounds "9"]
[EventCountry "USA"]
[SourceTitle "CB50_2024"]
[SourceDate "2024.11.01"]
[SourceVersion "1"]
[SourceVersionDate "2024.11.01"]
[SourceQuality "2"]

1. d4 Nf6 2. c4 e6 3. Nf3 d5 4. g3 Bb4+ 5. Bd2 a5 6. Bg2 dxc4 7. Qc2 c5 8. a3 Bxd2+ 9. Nbxd2 cxd4 10. Nxc4 Nc6 11. 0-0 d3 12. exd3 0-0 13. Rac1 Ra6 14. Nce5 h6 15. Rfd1 Nd5 16. Nxc6 Rxc6 17. Qd2 Rxc1 18. Rxc1 b6 19. Ne5 Bb7 20. d4 Ba8 21. Qe2 Ne7 22. Bxa8 Qxa8 23. Nd7 Rc8 24. Rxc8+ Qxc8 25. Qb5 Nd5 26. Ne5 g6 27. h4 Kg7 28. Kg2 h5 29. Kg1 Qd8 30. Qc6 Ne7 31. Qf3 f6 32. Nc4 b5 33. Ne3 Qxd4 34. Qb7 Qc5 35. b4 axb4 36. axb4 Qxb4 37. Nc2 Qb1+ 38. Kg2 Kf7 39. Na3 Qd3 40. Nxb5 Qd5+ 41. Qxd5 Nxd5 42. f4 e5 43. Kf3 Ke6 44. Ke4 f5+ 45. Kf3 e4+ 46. Ke2 Ne7 47. Nd4+ Kd5 48. Nc2 Kc5 49. Kd2 Nd5 50. Ke2 Kc4 51. Kd2 Nb6 52. Ne3+ Kb3 53. Kd1 Kb4 54. Ke1 Kc5 55. Ke2 Kd4 56. Nc2+ Kc4 57. Kd2 Kc5 58. Ke3 Nd5+ 59. Ke2 Nb4 60. Na3 Nc6 61. Kd2 Nd4 62. Ke3 Kb4 63. Nb1 Nf3 64. Ke2 Kb3 65. Kd1 Kb2 66. Nd2 Nxd2 67. Kxd2 Kb3 68. Ke2 Kc4 69. Ke3 Kc3 70. Ke2 Kd4 71. Kd2 e3+ 72. Ke1 Kd3 73. Kd1 e2+ 74. Ke1 Ke3 75. g4 hxg4 76. h5 g3 0-1

[Event "Alba Iulia Final ROM GP KO"]
[Site "Alba Iulia"]
[Date "2024.11.26"]
[Round "3.3"]
[White "Kantor, Gergely"]
[Black "Gavrilescu, David"]
[Result "1/2-1/2"]
[WhiteElo "2554"]
[BlackElo "2545"]
[PlyCount "106"]
[EventDate "2024.11.26"]
[EventType "k.o. (rapid)"]
[EventRounds "3"]
[EventCountry "ROU"]
[SourceTitle "CB49_2024"]
[SourceDate "2024.12.04"]
[SourceVersion "1"]
[SourceVersionDate "2024.12.04"]
[SourceQuality "1"]

1. d4 Nf6 2. c4 e6 3. Nf3 d5 4. Qc2 Bb4+ 5. Nbd2 0-0 6. g3 c5 7. Bg2 cxd4 8. Nxd4 e5 9. N4b3 d4 10. 0-0 Nc6 11. c5 Bxd2 12. Bxd2 Be6 13. Bg5 h6 14. Bxf6 Qxf6 15. Nd2 Rfd8 16. a3 a5 17. Ne4 Qg6 18. Qa4 Bd5 19. Nd6 Bxg2 20. Kxg2 Ne7 21. Qb5 Rab8 22. b4 b6 23. Qc4 axb4 24. axb4 bxc5 25. bxc5 Nf5 26. Nxf5 Qxf5 27. c6 Rbc8 28. Ra7 Rd6 29. c7 Qe4+ 30. f3 Qc6 31. Rc1 Qxc4 32. Rxc4 Kf8 33. Rc5 f6 34. f4 exf4 35. gxf4 Ke7 36. Kf3 d3 37. exd3 Rxd3+ 38. Ke4 Rd2 39. h4 g6 40. Ra6 Rd6 41. Ra7 f5+ 42. Ke5 Re6+ 43. Kd5 Rd6+ 44. Kc4 h5 45. Rb7 Kd7 46. Rd5 Rxc7+ 47. Rxc7+ Kxc7 48. Kc5 Rxd5+ 49. Kxd5 Kd7 50. Ke5 Ke7 51. Kd5 Kd7 52. Ke5 Ke7 53. Kd5 Kd7 1/2-1/2

[Event "Alba Iulia Final ROM GP KO"]
[Site "Alba Iulia"]
[Date "2024.11.26"]
[Round "2.2"]
[White "Kantor, Gergely"]
[Black "Ghimpu, Samuel Timotei"]
[Result "1-0"]
[WhiteElo "2554"]
[BlackElo "2473"]
[PlyCount "91"]
[EventDate "2024.11.26"]
[EventType "k.o. (rapid)"]
[EventRounds "3"]
[EventCountry "ROU"]
[SourceTitle "CB49_2024"]
[SourceDate "2024.12.04"]
[SourceVersion "1"]
[SourceVersionDate "2024.12.04"]
[SourceQuality "1"]

1. e4 e6 2. d4 d5 3. Nc3 Nf6 4. e5 Nfd7 5. f4 c5 6. dxc5 Nc6 7. Bd2 Nxc5 8. Nf3 d4 9. Ne2 h5 10. a3 Qd5 11. b4 Ne4 12. c4 dxc3 13. Nxc3 Nxc3 14. Bxc3 Qxd1+ 15. Rxd1 Bd7 16. Ng5 Rd8 17. Bc4 Ne7 18. Bd4 Ba4 19. Rd3 b6 20. Kd2 Nf5 21. Bf2 Be7 22. Rxd8+ Bxd8 23. Ne4 Be7 24. Nc3 Bc6 25. Nb5 a5 26. Bxb6 axb4 27. a4 Bd8 28. Bxd8 Kxd8 29. Rg1 Ke7 30. g3 Ra8 31. Ra1 Ra5 32. Bd3 Bxb5 33. Bxb5 Nd4 34. Bc4 Rc5 35. Kd3 Nc6 36. Rb1 Kd8 37. Bb5 Rc3+ 38. Kd2 Kc7 39. Rxb4 Rc5 40. Rc4 Rxc4 41. Bxc4 Kb6 42. Bb5 Ne7 43. Be8 f6 44. exf6 gxf6 45. Bxh5 Ka5 46. Bd1 1-0